[Event "SVK-ch U18 rapid"]
[Site "Poprad"]
[Date "2025.05.03"]
[Round "6"]
[White "Chobot, Michael"]
[Black "Chladek, Adam"]
[Result "0-1"]
[WhiteElo "1614"]
[BlackElo "1525"]
[PlyCount "101"]
[EventDate "2025.05.03"]
[EventType "swiss (rapid)"]
[EventRounds "7"]
[EventCountry "SVK"]
[SourceTitle "CB19_2025"]
[SourceDate "2025.05.07"]
[SourceVersion "1"]
[SourceVersionDate "2025.05.07"]
[SourceQuality "1"]

1. e4 e5 2. Nf3 Nc6 3. d4 Qe7 4. d5 Nb8 5. c4 Qb4+ 6. Nbd2 Nf6 7. Bd3 Bc5 8. Nxe5 d6 9. Nef3 Bg4 10. Qb3 Bxf3 11. gxf3 Nbd7 12. Rg1 Ne5 13. Be2 Nh5 14. Qxb4 Bxb4 15. f4 Nxf4 16. b3 Bc3 17. Rb1 g6 18. Bb2 Ned3+ 19. Bxd3 Nxd3+ 20. Kd1 Nxb2+ 21. Kc2 Bf6 22. f4 0-0-0 23. e5 dxe5 24. Rxb2 exf4 25. Rbb1 Rde8 26. Rbf1 g5 27. h4 h6 28. hxg5 hxg5 29. Nf3 Re2+ 30. Kd1 Rxa2 31. Nxg5 Ra1+ 32. Ke2 Rh2+ 33. Kd3 Rxf1 34. Rxf1 Bxg5 35. Rg1 Bd8 36. Ke4 Rb2 37. Kxf4 Rxb3 38. Ke5 f6+ 39. Kd4 b6 40. Ra1 a5 41. Re1 Rh3 42. Rf1 Rh8 43. Ra1 Rf8 44. Rf1 Be7 45. Kc3 Bc5 46. Kb3 f5 47. Kc3 f4 48. Kd3 f3 49. Ke4 f2 50. Kd3 Rg8 51. Re1 0-1